|
|
|
|
| LEADER |
01925nam a2200553 a 4500 |
| 001 |
nkc20142571747 |
| 003 |
CZ PrNK |
| 005 |
20140711094008.0 |
| 007 |
ta |
| 008 |
140319s2014 xr a e 000 0 cze |
| 015 |
|
|
|a cnb002571747
|
| 020 |
|
|
|a 978-80-7195-782-9
|q (brož.)
|
| 035 |
|
|
|a (OCoLC)879565045
|
| 040 |
|
|
|a ABA001
|b cze
|
| 041 |
1 |
|
|a cze
|h ita
|
| 072 |
|
7 |
|a 27
|x Křesťanství. Křesťanská církev všeobecně. Eklesiologie
|2 Konspekt
|9 5
|
| 080 |
|
|
|a 179.9
|2 MRF
|
| 080 |
|
|
|a 272-184.3
|2 MRF
|
| 080 |
|
|
|a 27-4
|2 MRF
|
| 080 |
|
|
|a 27-475.5
|2 MRF
|
| 080 |
|
|
|a (0:82-5)
|2 MRF
|
| 080 |
|
|
|a (0:82-97)
|2 MRF
|
| 080 |
|
|
|a (0:82-84)
|2 MRF
|
| 100 |
0 |
|
|a František,
|c papež,
|d 1936-2025
|7 jx20130415003
|4 aut
|
| 245 |
1 |
0 |
|a Dobrota a milosrdenství /
|c papež František ; [z italského originálu ... přeložila Kateřina Lachmanová]
|
| 260 |
|
|
|a Kostelní Vydří :
|b Karmelitánské nakladatelství,
|c 2014
|
| 300 |
|
|
|a [14] s. :
|b barev. il. ;
|c 10 x 12 cm
|
| 600 |
0 |
7 |
|a František,
|c papež,
|d 1936-2025
|7 jx20130415003
|2 czenas
|
| 600 |
0 |
9 |
|a Francis,
|c Pope,
|d 1936-
|2 eczenas
|
| 650 |
0 |
7 |
|a dobrota (vlastnost)
|7 ph119526
|2 czenas
|
| 650 |
0 |
7 |
|a milosrdenství
|7 ph122994
|2 czenas
|
| 650 |
0 |
7 |
|a katolická víra
|7 ph121532
|2 czenas
|
| 650 |
0 |
7 |
|a křesťanský život
|7 ph122132
|2 czenas
|
| 650 |
0 |
9 |
|a kindness
|2 eczenas
|
| 650 |
0 |
9 |
|a mercy
|2 eczenas
|
| 650 |
0 |
9 |
|a Catholic faith
|2 eczenas
|
| 650 |
0 |
9 |
|a Christian life
|2 eczenas
|
| 655 |
|
7 |
|a kázání
|7 fd131846
|2 czenas
|
| 655 |
|
7 |
|a modlitby
|7 fd132841
|2 czenas
|
| 655 |
|
7 |
|a citáty
|7 fd131832
|2 czenas
|
| 655 |
|
9 |
|a sermons
|2 eczenas
|
| 655 |
|
9 |
|a prayers
|2 eczenas
|
| 655 |
|
9 |
|a quotations
|2 eczenas
|
| 765 |
0 |
|
|t Con bontà e tenerezza
|9 Česky
|
| 910 |
2 |
|
|a BOA001
|b S-1321.787
|
| 990 |
|
|
|a BK
|
| 995 |
|
|
|a 01
|
| 991 |
|
|
|b 201404
|c NOV
|e n
|
| 996 |
6 |
|
|b 2610585695
|c S-1321.787
|l MZK
|r Sklad / do 24 hodin
|n 0
|p p.v.
|w 001410050
|u 000010
|a 1
|e BOA001
|j MZK50
|s P
|